01146cam a22003137i 450000100090000000300040000900500170001300800410003001000170007102000180008804000280010605000230013408200170015710000280017424000550020224501230025725000190038026400570039926400110045630000570046733600210052433700250054533800230057049000550059350000930064850000220074165000360076370000330079917718282OSt20230925110613.0130430t20152015maua 001 0 eng  a 2013009728 a9789384323127 aDLCbengcDLCerdadDLC00aQA331.7b.Z55 201500a515.9bZIL/C1 aZill, Dennis G.,d1940-10aFirst course in complex analysis with applications10aComplex analysis :b /cDennis G. Zill, Loyola Marymount University, Patrick D. Shanahan, Loyola Marymount University. aThird edition. 1aBurlington, MA :bJones & Bartlett Learning,c[2015] 4c©2015 a1 volume (various pagings) :billustrations ;c29 cm atext2rdacontent aunmediated2rdamedia avolume2rdacarrier0 aThe Jones & Barlett learning series in mathematics aRevision of: A first course in complex analysis with applications. -- 2nd ed. -- ©2009. aIncludes indexes. 0aFunctions of complex variables.1 aShanahan, Patrick D.,d1968-